Bilancia peňažných vzťahov a fondov obsah blokov

Salvato in:
Dettagli Bibliografici
Autore principale: Dürrer, Jiří
Natura: Libro
Lingua:slovacco
Pubblicazione: Bratislava Výskumný ústav fin. a úv. sústavy 1983
Tags: Aggiungi Tag
Nessun Tag, puoi essere il primo ad aggiungerne!!

MARC

LEADER 00000nam a2200000 4500
001 c136460
005 20181203150507.1
041 0 |a slo 
044 |a SK 
245 1 0 |a Bilancia peňažných vzťahov a fondov  |b obsah blokov  |c Jiří Dürrer 
264 1 |a Bratislava  |b Výskumný ústav fin. a úv. sústavy  |c 1983 
300 |a 32 s. 
100 1 |a Dürrer, Jiří